[Event "Frankfurt-ch"]
[Site "Frankfurt"]
[Date "2007.06.18"]
[Round "7"]
[White "Frank, Dieter1111"]
[Black "Krohne, Robert"]
[Result "0-1"]
[WhiteElo "1505"]
[BlackElo "1785"]
[PlyCount "108"]
[EventDate "2007.04.30"]
[EventType "swiss"]
[EventRounds "7"]
[EventCountry "GER"]
[SourceTitle "EXT 2008"]
[Source "ChessBase"]
[SourceDate "2007.11.25"]
[SourceVersion "1"]
[SourceVersionDate "2007.11.25"]
[SourceQuality "1"]

1. d4 Nf6 2. Nf3 d5 3. c4 c6 4. cxd5 cxd5 5. Nc3 Nc6 6. g3 e6 7. Bg2 Bb4 8. 0-0 0-0 9. Bg5 Be7 10. a3 b6 11. Rc1 Bb7 12. Rc2 Rc8 13. Qb1 Qd7 14. Rd1 Rfd8 15. Bxf6 Bxf6 16. e4 dxe4 17. Nxe4 Bxd4 18. Nxd4 Nxd4 19. Rcd2 e5 20. Qd3 Qe7 21. Qb1 Rc7 22. Nc3 Bxg2 23. Kxg2 Rcd7 24. Re1 Qd6 25. Qe4 f5 26. Qxe5 Qc6+ 27. Kh3 Qh6+ 28. Kg2 Qxd2 29. Nd1 Qh6 30. Re3 Qc6+ 31. f3 Rd6 32. Rc3 Qxf3+ 33. Rxf3 Nxf3 34. Kxf3 Rxd1 35. Qe6+ Kh8 36. Qe5 R1d3+ 37. Kg2 R3d5 38. Qe7 R5d7 39. Qe5 Rf8 40. Qe6 Rdf7 41. Qe5 f4 42. g4 f3+ 43. Kf2 Rd7 44. Qc3 Rdf7 45. Qe5 Rc8 46. Qe4 Rff8 47. Qe7 Rce8 48. Qb4 Rf6 49. Qd4 Re2+ 50. Kg3 Rg2+ 51. Kh4 Rh6+ 52. Kg5 Rg6+ 53. Kf5 Rf6+ 54. Ke4 Rxg4+ 0-1

[Event "Frankfurt-ch"]
[Site "Frankfurt"]
[Date "2006.06.12"]
[Round "7"]
[White "Ebertz, Michael"]
[Black "Krohne, Robert"]
[Result "0-1"]
[WhiteElo "1611"]
[BlackElo "1784"]
[PlyCount "54"]
[EventDate "2006.04.24"]
[EventType "swiss"]
[EventRounds "7"]
[EventCountry "GER"]
[SourceTitle "EXT 2007"]
[Source "ChessBase"]
[SourceDate "2006.11.23"]
[SourceVersion "1"]
[SourceVersionDate "2006.11.23"]
[SourceQuality "1"]

1. e4 e6 2. d4 d5 3. Nc3 Bb4 4. e5 c5 5. a3 Bxc3+ 6. bxc3 Ne7 7. Nf3 Nbc6 8. Bd3 c4 9. Bf1 b5 10. Bd2 a5 11. g3 Rb8 12. Bh3 Ba6 13. Nh4 Qb6 14. 0-0 b4 15. axb4 axb4 16. Re1 b3 17. cxb3 cxb3 18. Bf1 Bxf1 19. Kxf1 Na5 20. Qb1 Nc4 21. Re2 Nc6 22. Ng2 b2 23. Ra2 Qb3 24. Be1 Qxa2 25. Qxa2 b1Q 26. Qxb1 Rxb1 27. Ra2 0-0 0-1

[Event "Frankfurt-ch"]
[Site "Frankfurt"]
[Date "2006.04.24"]
[Round "1"]
[White "Solonar, Stefan"]
[Black "Krohne, Robert"]
[Result "1-0"]
[WhiteElo "2264"]
[BlackElo "1784"]
[PlyCount "57"]
[EventDate "2006.04.24"]
[EventType "swiss"]
[EventRounds "7"]
[EventCountry "GER"]
[SourceTitle "EXT 2007"]
[Source "ChessBase"]
[SourceDate "2006.11.23"]
[SourceVersion "1"]
[SourceVersionDate "2006.11.23"]
[SourceQuality "1"]

1. c4 c5 2. Nf3 Nf6 3. Nc3 Nc6 4. d4 cxd4 5. Nxd4 g6 6. e4 Bg7 7. Be3 d6 8. Be2 0-0 9. 0-0 Bd7 10. Nc2 Rc8 11. Qd2 a6 12. f3 Ne5 13. Na3 Be6 14. Nd5 Bxd5 15. exd5 Qd7 16. h3 Qd8 17. b4 Nh5 18. Kh2 f5 19. f4 Nd7 20. Rac1 Nhf6 21. Bf3 Qe8 22. Qd3 e5 23. dxe6 Qxe6 24. Bxb7 Rb8 25. Bxa6 Rxb4 26. c5 d5 27. c6 Ra4 28. Bb5 Re4 29. Bg1 1-0

[Event "JBLN Ost 0102"]
[Site "Germany"]
[Date "2002.04.21"]
[Round "?"]
[White "Kesten, Sebastian"]
[Black "Krohne, Robert"]
[Result "1-0"]
[WhiteElo "1560"]
[BlackElo "1604"]
[PlyCount "83"]
[EventDate "2002.10.??"]
[EventType "team"]
[EventRounds "9"]
[EventCountry "GER"]
[SourceTitle "EXT 2005"]
[Source "ChessBase"]
[SourceDate "2004.11.15"]
[SourceVersion "1"]
[SourceVersionDate "2004.11.15"]
[SourceQuality "1"]

1. d4 Nf6 2. c4 e6 3. Nf3 Bb4+ 4. Bd2 Bxd2+ 5. Nbxd2 d5 6. cxd5 exd5 7. e3 Bf5 8. Qb3 Qc8 9. Nh4 Be6 10. Bd3 Nbd7 11. Nf5 Bxf5 12. Bxf5 c6 13. 0-0 0-0 14. Qc2 Qc7 15. b4 Rac8 16. Rfc1 Ne8 17. Bxh7+ Kh8 18. Bd3 Nb8 19. Qc5 Qd6 20. Rab1 b6 21. Qxd6 Nxd6 22. a4 Nd7 23. b5 c5 24. dxc5 bxc5 25. e4 c4 26. Be2 c3 27. Nb3 Nxe4 28. f3 Nd2 29. Nxd2 cxd2 30. Rd1 Rc2 31. Bd3 Ra2 32. Ra1 Rxa1 33. Rxa1 Rc8 34. Rd1 Rc1 35. Be2 Nc5 36. Kf2 Nb3 37. a5 d4 38. b6 axb6 39. axb6 Rc6 40. Rb1 Rxb6 41. Bd1 Rc6 42. Rxb3 1-0

[Event "JBLN Ost 0102"]
[Site "Germany"]
[Date "2001.10.20"]
[Round "?"]
[White "Krohne, Robert"]
[Black "Hellwig, Tobias"]
[Result "0-1"]
[WhiteElo "1604"]
[BlackElo "1716"]
[PlyCount "80"]
[EventDate "2002.10.??"]
[EventType "team"]
[EventRounds "9"]
[EventCountry "GER"]
[SourceTitle "EXT 2005"]
[Source "ChessBase"]
[SourceDate "2004.11.15"]
[SourceVersion "1"]
[SourceVersionDate "2004.11.15"]
[SourceQuality "1"]

1. e4 e6 2. d4 d5 3. Nd2 c5 4. c3 Nc6 5. exd5 exd5 6. Ndf3 Bd6 7. Be3 c4 8. Nd2 Nf6 9. Ngf3 0-0 10. Be2 Ng4 11. Qc2 Nxe3 12. fxe3 Re8 13. Nf1 b5 14. Kf2 Qe7 15. Re1 f5 16. Bd1 g6 17. N1d2 Qf6 18. g3 Bb7 19. Be2 Bf8 20. Bf1 Re6 21. Bg2 Rae8 22. Re2 Nd8 23. Ne5 Nf7 24. Nxf7 Qxf7 25. Nf3 Qe7 26. Rhe1 Bh6 27. Ne5 Bg7 28. Nf3 a5 29. a3 Bf6 30. Bh1 Rc8 31. Ra1 Kg7 32. Bg2 h5 33. Rh1 b4 34. axb4 axb4 35. Ra1 b3 36. Qc1 g5 37. Qd1 Re8 38. Qe1 f4 39. gxf4 gxf4 40. Ng1 Bh4+ 0-1